<?xml version="1.0" encoding="UTF-8"?><?xml-stylesheet type="text/xsl" href="static/style.xsl"?><OAI-PMH xmlns="http://www.openarchives.org/OAI/2.0/" xmlns:xsi="http://www.w3.org/2001/XMLSchema-instance" xsi:schemaLocation="http://www.openarchives.org/OAI/2.0/ http://www.openarchives.org/OAI/2.0/OAI-PMH.xsd"><responseDate>2026-04-17T03:11:47Z</responseDate><request verb="GetRecord" identifier="oai:www.recercat.cat:20.500.14342/476" metadataPrefix="marc">https://recercat.cat/oai/request</request><GetRecord><record><header><identifier>oai:recercat.cat:20.500.14342/476</identifier><datestamp>2025-03-11T12:45:18Z</datestamp><setSpec>com_2072_482405</setSpec><setSpec>com_2072_183628</setSpec><setSpec>col_2072_482410</setSpec></header><metadata><record xmlns="http://www.loc.gov/MARC21/slim" xmlns:dcterms="http://purl.org/dc/terms/" xmlns:xsi="http://www.w3.org/2001/XMLSchema-instance" xmlns:doc="http://www.lyncode.com/xoai" xsi:schemaLocation="http://www.loc.gov/MARC21/slim http://www.loc.gov/standards/marcxml/schema/MARC21slim.xsd">
   <leader>00925njm 22002777a 4500</leader>
   <datafield ind2=" " ind1=" " tag="042">
      <subfield code="a">dc</subfield>
   </datafield>
   <datafield ind2=" " ind1=" " tag="720">
      <subfield code="a">Sáez Mateu, Ferran</subfield>
      <subfield code="e">author</subfield>
   </datafield>
   <datafield ind2=" " ind1=" " tag="720">
      <subfield code="a">Yeste Piquer, Elena</subfield>
      <subfield code="e">author</subfield>
   </datafield>
   <datafield ind2=" " ind1=" " tag="260">
      <subfield code="c">2015</subfield>
   </datafield>
   <datafield ind2=" " ind1=" " tag="520">
      <subfield code="a">El estudio académico de la memoria colectiva –más conocido&#xd;
en España como “memoria histórica”– y la divulgación de ésta en el contexto de la comunicación de masas han seguido caminos a menudo divergentes. Mientras que los planteamientos originales de Maurice Halbwachs&#xd;
han tendido cada vez más al rigor de la reflexión filosófica (por ejemplo en&#xd;
el caso de Paul Ricoeur), los productos audiovisuales sobre la memoria han&#xd;
optado a veces por formas de narratividad muy dramática, emocionalizada y polémica. En este artículo se exploran los antecedentes teóricos y el&#xd;
contexto del problema y se ilustran con algunas de las disfunciones más&#xd;
habituales en los medios de comunicación de masas.</subfield>
   </datafield>
   <datafield ind2=" " ind1=" " tag="520">
      <subfield code="a">The academic study of collective memory –or “historical memory” in Spain– and its divulgation in the context of mass communication have often followed divergent paths. While the original approach of&#xd;
Maurice Halbwachs has tended increasingly to the rigor of philosophical&#xd;
reflection (as in the case of Paul Ricoeur, for example), audiovisual products on memory have sometimes adopted very dramatic, emotionalized and controversial narrative forms. This paper describes the background&#xd;
and context of the problem and is illustrated with some of the most common dysfunctions in the mass media.</subfield>
   </datafield>
   <datafield ind2=" " ind1=" " tag="520">
      <subfield code="a">L’étude académique de la mémoire collective –mieux connu en&#xd;
Espagne comme “mémoire historique”– et la diffusion de celle-ci dans le&#xd;
contexte de la communication de masse ont suivi souvent des chemins divergents. Alors que l’approche originale de Maurice Halbwachs a tendu de&#xd;
plus en plus à la rigueur de la réflexion philosophique (par exemple dans le&#xd;
cas de Paul Ricoeur), les produits audiovisuels sur la mémoire ont adopté&#xd;
parfois des formes narratives très dramatiques, émotionnelles et controversées. Dans cet article, le contexte théorique et le contexte du problème&#xd;
sont explorés et illustrés avec certains des troubles les plus fréquents dans&#xd;
les médias de masse.</subfield>
   </datafield>
   <datafield ind1="8" ind2=" " tag="024">
      <subfield code="a">http://hdl.handle.net/20.500.14342/476</subfield>
   </datafield>
   <datafield tag="653" ind2=" " ind1=" ">
      <subfield code="a">Memòria col·lectiva</subfield>
   </datafield>
   <datafield tag="653" ind2=" " ind1=" ">
      <subfield code="a">Sociologia</subfield>
   </datafield>
   <datafield tag="653" ind2=" " ind1=" ">
      <subfield code="a">Mitjans de comunicació de massa</subfield>
   </datafield>
   <datafield tag="653" ind2=" " ind1=" ">
      <subfield code="a">Debats</subfield>
   </datafield>
   <datafield ind2="0" ind1="0" tag="245">
      <subfield code="a">Disfunciones en el tratamiento mediático de la memoria colectiva</subfield>
   </datafield>
</record></metadata></record></GetRecord></OAI-PMH>